000 02056nam a22005417a 4500
003 OSt
005 20230420104005.0
008 221006b |||||||| |||| 00| 0 eng d
040 _cBiblioteca Lado V
082 _a700
_bZ39a
100 _9802
_aZaya, Antonio
_eeditor
_edirector
245 _aAtalantica/
_bRevista de Arte y Pensamiento/
260 _bCentro Atlantico de Arte Moderno
_c2002
_aEspaña
300 _c24x30cm
_a149p.
366 _efre
366 _eeng
490 _v2002
_x1132-8428
_a32
505 _tEuropa del Este
505 _tARMY Girls. Un proyecto de Sergiy Bratkov
505 _tEl legado de Yalta
505 _tChernobyl un proyecto de Zinets-Vereschak
505 _tINOVA. Conversación con el equipo curatorial
505 _tInstituto de Artes Visuales
505 _tUn Proyecto de Iñigo Manglano-Ovalle
505 _tUn Proyecto de Pekka Niskanen
505 _tUn Proyecto de Tiong Ang
505 _tFour Duets. Un Proyecto de Candice Breitz
505 _tSpecimen.Un Proyecto de Lane Hall y Lisa Moline
505 _tBig Bang Pallares Conversación
505 _tUn Proyecto de Bjorn Dahlem
505 _tUn Proyecto de Francisco Rossique
505 _tUn Proyecto de Raimond Chaves
505 _tCarlos Betancourt y El Cuerpo de la Escritura
505 _tUn Proyecto de Fernando Marcos
505 _tRobert Feintuch
505 _tUn Proyecto de Zhang Huan
505 _tUn Proyecto de Marie Orensanz
650 _2Tesauro de Arte & Arquitectura
_aARTE
_9703
650 _2Tesauro de Arte & Arquitectura
_aEXPOSICIONES
650 _2Tesauro de Arte & Arquitectura
_aCULTURA
650 _2Tesauro de Arte & Arquitectura
_aAPRECIACION
650 _2Tesauro de Arte & Arquitectura
_aTEORIA
650 _2Tesauro de Arte & Arquitectura
_aCRITICA
650 _2Tesauro de Arte & Arquitectura
_aFOTOGRAFIA
_9702
650 _2Tesauro de Arte & Arquitectura
_aLITERATURA
650 _2Tesauro de Arte & Arquitectura
_aESPAÑA
942 _2ddc
_c1
_h700
_iZ39a
_n0
999 _c3398
_d3398